000 00846nam a22002177a 4500
999 _c62311
_d62311
005 20240924133300.0
008 240924s2023 enk||||| |||| 00| 0 eng d
020 _a9789386150578x
041 _aeng
080 _a611/612 S-46
100 _aSembulingam, K.
_98336
245 _aEssentials of Physiology for Dental Students /
_cK. Sembulingam, Prema Sembulingam.
250 _a3rd Edition
264 _aNew Delhi:
_b Jaypee Brothers Medical Publishers,
_c2021.
300 _a622 p.:
_bill.;
_c27 cm.
653 _aფიზიოლოგიის საფუძვლები სტომატოლოგიური სტუდენტებისთვის
653 _aმედიცინა
653 _aსტომატოლოგია
700 _aSembulingam, Prema
_eავტორი
_923269
942 _2udc
_cBK